Normal view
MARC view
- Rizzo, Betty
Entry Personal Name
001 - CONTROL NUMBER
- control field: 5421
003 - CONTROL NUMBER IDENTIFIER
- control field: JO-AjAnu
005 - DATE AND TIME OF LATEST TRANSACTION
- control field: 20230606071200.0
008 - FIXED-LENGTH DATA ELEMENTS
- fixed length control field: 230606|| aca||aabn | a|a d
040 ## - CATALOGING SOURCE
- Original cataloging agency: JO-AjAnu
- Transcribing agency: JO-AjAnu
100 ## - HEADING--PERSONAL NAME
- Personal name: Rizzo, Betty
670 ## - SOURCE DATA FOUND
- Source citation: Work cat.: (JO-AjAnu)2797: Rizzo, Betty, author, The writer's studio : Exercises for Grammar, proofreading, and composition